[Event "Badalona Castella op-B 45th"]
[Site "Badalona"]
[Date "2019.08.04"]
[Round "3.5"]
[White "Fabregas Fontanet, Antonio"]
[Black "Gil Gil, Antoni"]
[Result "1-0"]
[WhiteElo "1896"]
[BlackElo "1776"]
[PlyCount "71"]
[EventDate "2019.08.02"]
[EventType "swiss"]
[EventRounds "9"]
[EventCountry "ESP"]
[SourceTitle "EXT 2024"]
[Source "ChessBase"]
[SourceDate "2023.10.10"]
[SourceVersion "1"]
[SourceVersionDate "2023.10.10"]
[SourceQuality "1"]

1. c4 g6 2. g3 Bg7 3. Bg2 Nf6 4. d3 d6 5. Nc3 0-0 6. e4 c6 7. Nge2 Nbd7 8. 0-0 e5 9. Rb1 Ne8 10. Be3 Nc7 11. f4 exf4 12. Bxf4 Ne5 13. Qd2 Ne6 14. h3 Nxf4 15. Nxf4 Bd7 16. Kh2 f5 17. b3 Qg5 18. d4 Nf7 19. Rbe1 Rad8 20. b4 c5 21. bxc5 dxc5 22. dxc5 Bc6 23. Ncd5 fxe4 24. Bxe4 Ne5 25. Qc2 Rde8 26. Nc7 Bxe4 27. Rxe4 Qf5 28. Nxe8 Rxe8 29. Kg2 g5 30. Nh5 Qg6 31. Nxg7 Kxg7 32. Rfe1 g4 33. hxg4 Nxg4 34. Qc3+ Ne5 35. Rxe5 Qf6 36. Re7+ 1-0

[Event "Barcelona Primavera La Lira op 11th"]
[Site "Barcelona"]
[Date "2018.05.24"]
[Round "7"]
[White "Hernandez Funes, Ruben"]
[Black "Gil Gil, Antoni"]
[Result "1-0"]
[WhiteElo "2195"]
[BlackElo "1867"]
[PlyCount "75"]
[EventDate "2018.04.12"]
[EventType "swiss"]
[EventRounds "9"]
[EventCountry "ESP"]
[SourceTitle "CBM 184 Extra"]
[Source "ChessBase"]
[SourceDate "2018.06.28"]
[SourceVersion "1"]
[SourceVersionDate "2018.06.28"]
[SourceQuality "1"]

1. d4 Nf6 2. c4 e6 3. Nf3 b6 4. g3 Bb7 5. Bg2 Bb4+ 6. Bd2 Bxd2+ 7. Qxd2 Ne4 8. Qf4 f5 9. Ng5 0-0 10. Nc3 Nc6 11. Ngxe4 fxe4 12. Qxe4 Na5 13. d5 Qf6 14. 0-0 Rae8 15. Qd3 Ba6 16. b3 Kh8 17. Rac1 Nb7 18. Ne4 Qh6 19. b4 Nd8 20. d6 c6 21. Qa3 Bc8 22. Qxa7 e5 23. Qxb6 Ne6 24. e3 Rf5 25. g4 Rf7 26. a4 Qh4 27. f3 g5 28. Ng3 h5 29. Nf5 Rxf5 30. gxf5 Ng7 31. e4 g4 32. fxg4 hxg4 33. Qe3 Nh5 34. Qh6+ Kg8 35. f6 Kf7 36. Qh7+ Ke6 37. f7 Rf8 38. Qh6+ 1-0

[Event "Barcelona Primavera La Lira op 11th"]
[Site "Barcelona"]
[Date "2018.05.17"]
[Round "6"]
[White "Gil Gil, Antoni"]
[Black "Sanchez Marin, Joan"]
[Result "1-0"]
[WhiteElo "1867"]
[BlackElo "1977"]
[PlyCount "43"]
[EventDate "2018.04.12"]
[EventType "swiss"]
[EventRounds "9"]
[EventCountry "ESP"]
[SourceTitle "CBM 184 Extra"]
[Source "ChessBase"]
[SourceDate "2018.06.28"]
[SourceVersion "1"]
[SourceVersionDate "2018.06.28"]
[SourceQuality "1"]

1. e4 e5 2. Nf3 Nc6 3. d4 exd4 4. Bc4 Be7 5. Nxd4 d6 6. c3 Nf6 7. Nd2 Ne5 8. Be2 c5 9. Nf5 Bxf5 10. exf5 d5 11. 0-0 0-0 12. g4 Bd6 13. f4 Nc6 14. g5 Ne4 15. Nxe4 dxe4 16. Bc4 Kh8 17. Qh5 g6 18. Qh6 Qc7 19. f6 Rg8 20. Re1 Rae8 21. Re3 Bf8 22. Qxh7+ 1-0

[Event "Barcelona Primavera La Lira op 11th"]
[Site "Barcelona"]
[Date "2018.05.10"]
[Round "5"]
[White "Nigalidze, Zviad"]
[Black "Gil Gil, Antoni"]
[Result "0-1"]
[WhiteElo "2032"]
[BlackElo "1867"]
[PlyCount "54"]
[EventDate "2018.04.12"]
[EventType "swiss"]
[EventRounds "9"]
[EventCountry "ESP"]
[SourceTitle "CBM 184 Extra"]
[Source "ChessBase"]
[SourceDate "2018.06.28"]
[SourceVersion "1"]
[SourceVersionDate "2018.06.28"]
[SourceQuality "1"]

1. e4 e5 2. Nf3 Nc6 3. Bb5 Nf6 4. d3 Bc5 5. Bxc6 dxc6 6. Nxe5 Qd4 7. Be3 Qxe5 8. d4 Qxe4 9. dxc5 Qxg2 10. Kd2 Bg4 11. Qf1 0-0-0+ 12. Kc3 Qe4 13. a3 Rd1 14. Qxd1 Bxd1 15. Rxd1 Nd5+ 16. Kb3 Nxe3 17. fxe3 Rd8 18. Nc3 Qe6+ 19. Kb4 Rxd1 20. Nxd1 Qe5 21. c3 Qxh2 22. Kb3 g5 23. c4 g4 24. Nc3 g3 25. e4 Qf2 26. Ka2 g2 27. Nd1 Qxc5 0-1

[Event "Barcelona Primavera La Lira op 11th"]
[Site "Barcelona"]
[Date "2018.04.26"]
[Round "3"]
[White "Volart Buil, Jordi"]
[Black "Gil Gil, Antoni"]
[Result "0-1"]
[WhiteElo "1710"]
[BlackElo "1867"]
[PlyCount "60"]
[EventDate "2018.04.12"]
[EventType "swiss"]
[EventRounds "9"]
[EventCountry "ESP"]
[SourceTitle "CBM 184 Extra"]
[Source "ChessBase"]
[SourceDate "2018.06.28"]
[SourceVersion "1"]
[SourceVersionDate "2018.06.28"]
[SourceQuality "1"]

1. d4 Nf6 2. c4 e6 3. a3 g6 4. Nc3 Bg7 5. e4 d6 6. f4 0-0 7. Nf3 b6 8. Be2 Bb7 9. Qc2 Nc6 10. h3 Nh5 11. d5 Nd4 12. Qd1 Nxf3+ 13. Bxf3 Qh4+ 14. Kd2 Nxf4 15. Kc2 exd5 16. Bxf4 Qxf4 17. Nxd5 Qe5 18. Rb1 c6 19. Nb4 a5 20. Nd3 Qd4 21. Rc1 Ba6 22. b3 Qc3+ 23. Kb1 Qa1+ 24. Kc2 Qa2+ 25. Nb2 Qxb2+ 26. Kd3 d5 27. Qc2 dxe4+ 28. Bxe4 Rad8+ 29. Ke2 Rfe8 30. Kf1 Rxe4 0-1

[Event "Barcelona Primavera La Lira op 11th"]
[Site "Barcelona"]
[Date "2018.04.12"]
[Round "1"]
[White "Cervera Lopez, Miguel"]
[Black "Gil Gil, Antoni"]
[Result "0-1"]
[WhiteElo "1598"]
[BlackElo "1867"]
[PlyCount "82"]
[EventDate "2018.04.12"]
[EventType "swiss"]
[EventRounds "9"]
[EventCountry "ESP"]
[SourceTitle "CBM 184 Extra"]
[Source "ChessBase"]
[SourceDate "2018.06.28"]
[SourceVersion "1"]
[SourceVersionDate "2018.06.28"]
[SourceQuality "1"]

1. e4 e5 2. Nf3 Nc6 3. Bc4 Bc5 4. d3 d6 5. Be3 Bxe3 6. fxe3 Bg4 7. 0-0 Nf6 8. Qe1 h6 9. Nc3 Na5 10. Bb3 Nxb3 11. axb3 0-0 12. Nh4 d5 13. Qg3 d4 14. Nd5 Nxd5 15. exd5 Qg5 16. e4 a6 17. Nf3 Bxf3 18. Rxf3 Qxg3 19. Rxg3 f5 20. Rf1 fxe4 21. dxe4 Rxf1+ 22. Kxf1 Rf8+ 23. Ke2 Rf4 24. Kd3 Kf7 25. c3 dxc3 26. bxc3 g5 27. c4 g4 28. h3 h5 29. h4 Ke7 30. Re3 Kd6 31. b4 b6 32. g3 Rf2 33. Kc3 a5 34. Kb3 Rf3 35. Rc3 axb4 36. Kxb4 Rxc3 37. Kxc3 Kc5 38. Kb3 Kd4 39. Kb4 Kxe4 40. Kb5 Kd4 41. Kc6 Kxc4 0-1

[Event "Barcelona La Lira op 36th"]
[Site "Barcelona"]
[Date "2018.03.02"]
[Round "7.6"]
[White "Ramos Alvarez, Maximo"]
[Black "Gil Gil, Antoni"]
[Result "0-1"]
[WhiteElo "1864"]
[BlackElo "1878"]
[PlyCount "64"]
[EventDate "2018.01.19"]
[EventType "swiss"]
[EventRounds "8"]
[EventCountry "ESP"]
[SourceTitle "EXT 2024"]
[Source "ChessBase"]
[SourceDate "2023.10.10"]
[SourceVersion "1"]
[SourceVersionDate "2023.10.10"]
[SourceQuality "1"]

1. d4 d5 2. Bg5 h6 3. Bh4 c6 4. Nf3 Qb6 5. b3 Bf5 6. e3 Nd7 7. Bd3 Bxd3 8. Qxd3 Ngf6 9. Bxf6 gxf6 10. Nbd2 Rg8 11. 0-0 e6 12. c4 0-0-0 13. c5 Qc7 14. b4 e5 15. Qb3 e4 16. Ne1 f5 17. f3 exf3 18. Rxf3 Nf6 19. Rxf5 Ng4 20. Nef3 Qd7 21. Rf4 h5 22. Ne5 Nxe5 23. dxe5 Bh6 24. Rf2 d4 25. Nc4 dxe3 26. Nd6+ Kb8 27. Rxf7 Rxg2+ 28. Kh1 Qh3 29. Rxb7+ Ka8 30. Rxa7+ Kxa7 31. Qf7+ Rd7 32. Nc8+ Kb8 0-1

[Event "Barcelona La Lira op 36th"]
[Site "Barcelona"]
[Date "2018.02.16"]
[Round "5.2"]
[White "Capellades Subirana, Marc"]
[Black "Gil Gil, Antoni"]
[Result "1-0"]
[WhiteElo "2190"]
[BlackElo "1878"]
[PlyCount "123"]
[EventDate "2018.01.19"]
[EventType "swiss"]
[EventRounds "8"]
[EventCountry "ESP"]
[SourceTitle "EXT 2024"]
[Source "ChessBase"]
[SourceDate "2023.10.10"]
[SourceVersion "1"]
[SourceVersionDate "2023.10.10"]
[SourceQuality "1"]

1. e4 e5 2. Nf3 Nc6 3. Bc4 Nf6 4. d3 Bc5 5. c3 a6 6. 0-0 0-0 7. d4 Ba7 8. dxe5 Nxe4 9. Bd3 f5 10. Bxe4 fxe4 11. Qd5+ Kh8 12. Qxe4 d5 13. exd6 Qxd6 14. Qh4 Bf5 15. Bf4 Qg6 16. Nbd2 Rae8 17. Rfe1 h6 18. Bxc7 Qf7 19. Bd6 Rxe1+ 20. Rxe1 Re8 21. Rxe8+ Qxe8 22. h3 Qe6 23. Bf4 Qxa2 24. Bxh6 gxh6 25. Qf6+ Kg8 26. Qxf5 Qa1+ 27. Qb1 Qxb1+ 28. Nxb1 b5 29. Kf1 a5 30. Ke2 Kf7 31. Na3 b4 32. cxb4 axb4 33. Nb5 Bc5 34. Kd3 Bxf2 35. Kc4 Kf6 36. Nc7 Kf5 37. Nd5 Ke4 38. Nd2+ Ke5 39. Nxb4 Nxb4 40. Kxb4 Be1 41. Kc3 Kf4 42. Kd3 h5 43. Ke2 Bh4 44. b4 Bd8 45. b5 Kg3 46. Kf1 Kf4 47. Nc4 Ke4 48. Nd6+ Kd5 49. Nf5 Kc4 50. Ng7 Kxb5 51. Nxh5 Kc4 52. Kf2 Kd4 53. Kf3 Ke5 54. Nf4 Bg5 55. g3 Kf5 56. h4 Bh6 57. g4+ Kf6 58. Ke4 Bf8 59. g5+ Kf7 60. Kf5 Ba3 61. h5 Bc1 62. h6 1-0

[Event "Barcelona Escacs op 2nd"]
[Site "Barcelona"]
[Date "2017.11.24"]
[Round "8"]
[White "Vives Cabau, Jordi"]
[Black "Gil Gil, Antoni"]
[Result "1-0"]
[WhiteElo "1844"]
[BlackElo "1895"]
[PlyCount "55"]
[EventDate "2017.09.29"]
[EventType "swiss"]
[EventRounds "9"]
[EventCountry "ESP"]
[SourceTitle "EXT 2019"]
[Source "ChessBase"]
[SourceDate "2018.10.10"]
[SourceVersion "1"]
[SourceVersionDate "2018.10.10"]
[SourceQuality "1"]

1. e4 e5 2. Nf3 Nc6 3. d4 exd4 4. c3 dxc3 5. Nxc3 Bc5 6. Bc4 d6 7. h3 Be6 8. Bxe6 fxe6 9. Qb3 Qc8 10. Ng5 Nd4 11. Qd1 Nf6 12. Be3 e5 13. 0-0 0-0 14. Bxd4 exd4 15. Na4 Qd7 16. e5 Nd5 17. Qb3 c6 18. Ne4 b6 19. Rad1 dxe5 20. Naxc5 bxc5 21. Nxc5 Qe7 22. Ne4 Qb4 23. Qg3 Nf4 24. Qg4 Qxb2 25. Rd2 Qb7 26. g3 Ng6 27. Qh5 Qf7 28. Ng5 1-0

[Event "Barcelona Escacs op 2nd"]
[Site "Barcelona"]
[Date "2017.11.17"]
[Round "7"]
[White "Nadal Fajardo, Ricard"]
[Black "Gil Gil, Antoni"]
[Result "1-0"]
[WhiteElo "1945"]
[BlackElo "1895"]
[PlyCount "36"]
[EventDate "2017.09.29"]
[EventType "swiss"]
[EventRounds "9"]
[EventCountry "ESP"]
[SourceTitle "EXT 2019"]
[Source "ChessBase"]
[SourceDate "2018.10.10"]
[SourceVersion "1"]
[SourceVersionDate "2018.10.10"]
[SourceQuality "1"]

1. e4 e5 2. Nf3 Nc6 3. d4 exd4 4. Bc4 Bc5 5. c3 Qf6 6. 0-0 Ne5 7. Nxe5 Qxe5 8. Qf3 Nf6 9. Bf4 Qxe4 10. Qxe4+ Nxe4 11. Re1 f5 12. Nd2 dxc3 13. Nxe4 fxe4 14. Rxe4+ Kf8 15. Rae1 d5 16. Re8+ Kf7 17. Bxd5+ Be6 18. R8xe6 Rad8 1-0

[Event "Barcelona Sant Marti op-B 19th"]
[Site "Barcelona"]
[Date "2017.07.17"]
[Round "5"]
[White "Gil Gil, Antoni"]
[Black "Anjali, R Sagar"]
[Result "1-0"]
[WhiteElo "1823"]
[BlackElo "1724"]
[PlyCount "53"]
[EventDate "2017.07.13"]
[EventType "swiss"]
[EventRounds "9"]
[EventCountry "ESP"]
[SourceTitle "EXT 2018"]
[Source "ChessBase"]
[SourceDate "2017.10.13"]
[SourceVersion "1"]
[SourceVersionDate "2017.10.13"]
[SourceQuality "1"]

1. e4 e5 2. f4 d5 3. exd5 exf4 4. Nf3 Bd6 5. Bc4 Nf6 6. 0-0 0-0 7. d4 Bg4 8. Bb3 c5 9. c4 Nbd7 10. Kh1 Nh5 11. Nc3 cxd4 12. Ne4 Ne5 13. c5 Bxc5 14. Nxc5 Ng3+ 15. hxg3 Bxf3 16. Rxf3 Nxf3 17. Qxf3 Qc7 18. Ne4 fxg3 19. d6 Qc6 20. Bf4 Rae8 21. Bd5 Qb5 22. Bxg3 Kh8 23. Ng5 d3 24. d7 Qxd7 25. Nxf7+ Rxf7 26. Qxf7 Qb5 27. a4 1-0

[Event "Barcelona Sant Marti op-B 19th"]
[Site "Barcelona"]
[Date "2017.07.13"]
[Round "1"]
[White "Gil Gil, Antoni"]
[Black "Hebert, Floriane"]
[Result "1-0"]
[WhiteElo "1823"]
[BlackElo "1567"]
[PlyCount "75"]
[EventDate "2017.07.13"]
[EventType "swiss"]
[EventRounds "9"]
[EventCountry "ESP"]
[SourceTitle "EXT 2018"]
[Source "ChessBase"]
[SourceDate "2017.10.13"]
[SourceVersion "1"]
[SourceVersionDate "2017.10.13"]
[SourceQuality "1"]

1. e4 b6 2. d4 Bb7 3. Nc3 e6 4. Bd3 Bb4 5. Nf3 Nf6 6. Bg5 h6 7. Bxf6 Qxf6 8. 0-0 Bxc3 9. bxc3 0-0 10. Qd2 d6 11. Rfe1 e5 12. h3 Nd7 13. Nh2 Qe7 14. Re3 Nf6 15. Qe2 Rfe8 16. Re1 c5 17. d5 a6 18. a4 Rec8 19. Qd1 c4 20. Bf1 b5 21. a5 Nd7 22. Qg4 Nc5 23. Rg3 f6 24. Qg6 Kh8 25. Nf3 Rf8 26. Nh4 Bc8 27. Qh5 Qf7 28. Ng6+ Kg8 29. Qh4 Re8 30. Be2 Qc7 31. Bh5 Qxa5 32. f4 Qc7 33. Nxe5 Re7 34. Qxf6 Na4 35. Nc6 Rd7 36. Qe6+ Kh8 37. Qe8+ Kh7 38. Bg6# 1-0

[Event "Barcelona Primavera La Lira op 10th"]
[Site "Barcelona"]
[Date "2017.06.08"]
[Round "8"]
[White "Gil Gil, Antoni"]
[Black "Gonzalez Canovas, Sebastian"]
[Result "1-0"]
[WhiteElo "1811"]
[BlackElo "1661"]
[PlyCount "49"]
[EventDate "2017.04.20"]
[EventType "swiss"]
[EventRounds "9"]
[EventCountry "ESP"]
[SourceTitle "EXT 2018"]
[Source "ChessBase"]
[SourceDate "2017.10.13"]
[SourceVersion "1"]
[SourceVersionDate "2017.10.13"]
[SourceQuality "1"]

1. e4 c6 2. Nc3 d5 3. Nf3 dxe4 4. Nxe4 Bf5 5. Ng3 Bg6 6. h4 h6 7. Ne5 Bh7 8. Qh5 g6 9. Bc4 e6 10. Qf3 Qe7 11. d4 Nd7 12. Bd2 Nxe5 13. dxe5 0-0-0 14. 0-0-0 Bg7 15. Ba5 Re8 16. Rhe1 h5 17. Rd6 Bxe5 18. Rxc6+ bxc6 19. Qxc6+ Kb8 20. Rxe5 a6 21. Bxa6 Ka7 22. Bc7 Rb8 23. Bxb8+ Kxb8 24. Rb5+ Ka7 25. Qb6+ 1-0

[Event "Barcelona Gotic op 1st"]
[Site "Barcelona"]
[Date "2017.05.23"]
[Round "5"]
[White "Munoz Pantoja, Miguel Angel"]
[Black "Gil Gil, Antoni"]
[Result "1-0"]
[WhiteElo "2500"]
[BlackElo "1811"]
[PlyCount "47"]
[EventDate "2017.04.25"]
[EventType "swiss"]
[EventRounds "9"]
[EventCountry "ESP"]
[SourceTitle "EXT 2018"]
[Source "ChessBase"]
[SourceDate "2017.10.13"]
[SourceVersion "1"]
[SourceVersionDate "2017.10.13"]
[SourceQuality "1"]

1. e4 e5 2. Nf3 Nc6 3. Bc4 Bc5 4. b4 Bxb4 5. c3 Bc5 6. d4 Bb6 7. dxe5 Qe7 8. Ba3 d6 9. exd6 Qxe4+ 10. Be2 cxd6 11. Nbd2 Qg6 12. Nc4 Nge7 13. Nxd6+ Kf8 14. 0-0 Be6 15. Bd3 Qh5 16. Nd4 Bg4 17. Qa4 Ne5 18. Bf5 g6 19. Rae1 Bxd4 20. Qxd4 N7c6 21. Qf4 Kg7 22. Rxe5 f6 23. Rb5 gxf5 24. f3 1-0

[Event "Barcelona Primavera La Lira op 10th"]
[Site "Barcelona"]
[Date "2017.05.04"]
[Round "3"]
[White "Martin Arranz, Lluis"]
[Black "Gil Gil, Antoni"]
[Result "0-1"]
[WhiteElo "1674"]
[BlackElo "1811"]
[PlyCount "58"]
[EventDate "2017.04.20"]
[EventType "swiss"]
[EventRounds "9"]
[EventCountry "ESP"]
[SourceTitle "EXT 2018"]
[Source "ChessBase"]
[SourceDate "2017.10.13"]
[SourceVersion "1"]
[SourceVersionDate "2017.10.13"]
[SourceQuality "1"]

1. e4 e5 2. Nf3 Nc6 3. Bb5 Nf6 4. 0-0 Nxe4 5. Re1 Nd6 6. Ba4 Be7 7. Nxe5 Nxe5 8. Rxe5 0-0 9. c3 Nc4 10. Re1 d5 11. d3 Nd6 12. Nd2 c6 13. h3 Nf5 14. Nf3 Bd6 15. Bg5 Qb6 16. Bb3 h6 17. Bd2 Bd7 18. d4 Rae8 19. Qc2 Qd8 20. Qd3 Nh4 21. Bc2 Bf5 22. Bg5 hxg5 23. Qd2 Bf4 24. Qd1 Nxf3+ 25. Qxf3 Bxc2 26. g3 Be4 27. Qg4 Bb8 28. f3 Bg6 29. Rf1 f5 0-1

[Event "Catalunya-chT Gp1"]
[Site "Barcelona"]
[Date "2015.02.07"]
[Round "3.1"]
[White "Gil Gil, Antoni"]
[Black "Fernandez Madrid, Carlos"]
[Result "0-1"]
[WhiteElo "1869"]
[BlackElo "2149"]
[PlyCount "82"]
[EventDate "2015.01.24"]
[EventType "team-tourn"]
[EventRounds "7"]
[EventCountry "ESP"]
[SourceTitle "CBM 164 Extra"]
[Source "ChessBase"]
[SourceDate "2015.03.02"]
[SourceVersion "1"]
[SourceVersionDate "2015.03.02"]
[SourceQuality "1"]
[WhiteTeam "Montcada"]
[BlackTeam "Sant Josep de Badalona"]
[WhiteTeamCountry "ESP"]
[BlackTeamCountry "ESP"]

1. e4 g6 2. d4 Bg7 3. Nc3 d6 4. Be2 Nf6 5. h4 h6 6. Be3 c6 7. Nh3 Bxh3 8. Rxh3 Nbd7 9. Qd2 h5 10. 0-0-0 Qc7 11. f3 a6 12. Bd3 c5 13. f4 cxd4 14. Bxd4 0-0 15. f5 Ne5 16. Be2 Rac8 17. Kb1 b5 18. Bxe5 dxe5 19. fxg6 fxg6 20. Rg3 b4 21. Nd5 Nxd5 22. Qxd5+ Kh7 23. Qb3 a5 24. Ba6 Rcd8 25. Rxd8 Qxd8 26. Qd3 Qb6 27. a4 bxa3 28. Qb5 Qg1+ 29. Ka2 axb2 30. Qxb2 Rf4 31. Qb7 Qc5 32. Bd3 Rxh4 33. Qa6 Qd6 34. Qc8 Rf4 35. Qa8 Rf8 36. Qxa5 Qc6 37. Qb5 Ra8+ 38. Kb2 Qd6 39. Kc1 Ra1+ 40. Kd2 Qd4 41. Qe8 Qf2+ 0-1

[Event "Barcelona Sant Marti op-B 14th"]
[Site "Barcelona"]
[Date "2012.07.13"]
[Round "1"]
[White "Gil Gil, Antoni"]
[Black "Serentill Tost, Eduard"]
[Result "1-0"]
[WhiteElo "1969"]
[BlackElo "1690"]
[PlyCount "55"]
[EventDate "2012.07.13"]
[EventType "swiss"]
[EventRounds "9"]
[EventCountry "ESP"]
[SourceTitle "CBM 149 Extra"]
[Source "ChessBase"]
[SourceDate "2012.08.24"]
[SourceVersion "1"]
[SourceVersionDate "2012.08.24"]
[SourceQuality "1"]

1. e4 e6 2. d4 d5 3. e5 c5 4. c3 Qb6 5. dxc5 Bxc5 6. Qc2 Nc6 7. Nf3 Nh6 8. b4 Be7 9. Bd3 Ng4 10. Bf4 Qc7 11. Qe2 f6 12. Bb5 Bd7 13. Bxc6 bxc6 14. 0-0 fxe5 15. Nxe5 Nxe5 16. Bxe5 Bd6 17. Bxg7 0-0-0 18. Bxh8 Rxh8 19. g3 e5 20. a4 Bh3 21. Rd1 e4 22. b5 h5 23. bxc6 Qxc6 24. Qb5 Qc7 25. Qxd5 Rf8 26. Qxd6 Qf7 27. Qc5+ Kb8 28. Nd2 1-0

[Event "Barcelona Ateneu Colon op 7th"]
[Site "Barcelona"]
[Date "2012.05.08"]
[Round "4"]
[White "Gil Gil, Antoni"]
[Black "Leiro Giralt, Daniel"]
[Result "0-1"]
[WhiteElo "1934"]
[BlackElo "2191"]
[PlyCount "30"]
[EventDate "2012.04.10"]
[EventType "swiss"]
[EventRounds "9"]
[EventCountry "ESP"]
[SourceTitle "CBM 148 Extra"]
[Source "ChessBase"]
[SourceDate "2012.06.22"]
[SourceVersion "1"]
[SourceVersionDate "2012.06.22"]
[SourceQuality "1"]

1. e4 e5 2. f4 d5 3. exd5 exf4 4. Nf3 Nf6 5. Bb5+ c6 6. dxc6 Nxc6 7. 0-0 Qb6+ 8. d4 Qxb5 9. Re1+ Be7 10. Ne5 Be6 11. c4 Qb6 12. c5 Qd8 13. Nxc6 bxc6 14. Qf3 Qxd4+ 15. Be3 Qe4 0-1

[Event "Barcelona Ateneu Colon op 7th"]
[Site "Barcelona"]
[Date "2012.04.24"]
[Round "3"]
[White "Serrano Pertinez, Miquel"]
[Black "Gil Gil, Antoni"]
[Result "0-1"]
[WhiteElo "2086"]
[BlackElo "1934"]
[PlyCount "78"]
[EventDate "2012.04.10"]
[EventType "swiss"]
[EventRounds "9"]
[EventCountry "ESP"]
[SourceTitle "CBM 148 Extra"]
[Source "ChessBase"]
[SourceDate "2012.06.22"]
[SourceVersion "1"]
[SourceVersionDate "2012.06.22"]
[SourceQuality "1"]

1. e3 e5 2. c4 c6 3. Nf3 e4 4. Nd4 Bc5 5. Nb3 Bb6 6. Qg4 Nf6 7. Qxg7 Rg8 8. Qh6 Rg6 9. Qh4 Rg4 10. Qh3 d5 11. g3 Nbd7 12. Be2 Ne5 13. c5 Bc7 14. Qg2 Qe7 15. Nc3 Bd7 16. Na4 Nf3+ 17. Kd1 Rg6 18. d4 Ng4 19. Bd2 Rf6 20. Bxf3 Rxf3 21. Rf1 Qf6 22. Ke2 b5 23. Nc3 b4 24. Nd1 Bc8 25. Rh1 a5 26. h3 Ba6+ 27. Ke1 Nh6 28. Nc1 0-0-0 29. Ne2 Rg8 30. a3 Nf5 31. h4 Nxg3 32. Ng1 Rg6 33. Nxf3 Nxh1 34. Ng5 h6 35. Qxh1 hxg5 36. axb4 gxh4 37. Bc3 Qf3 38. Qxf3 exf3 39. e4 Bf4 0-1

[Event "Barcelona Ateneu Colon op 4th"]
[Site "Barcelona"]
[Date "2009.04.28"]
[Round "2"]
[White "Gonzalez Bringue, Ricard"]
[Black "Gil Gil, Antoni"]
[Result "1-0"]
[WhiteElo "2109"]
[BlackElo "1943"]
[PlyCount "49"]
[EventDate "2009.04.21"]
[EventType "swiss"]
[EventRounds "9"]
[EventCountry "ESP"]
[SourceTitle "EXT 2011"]
[Source "ChessBase"]
[SourceDate "2010.11.26"]
[SourceVersion "1"]
[SourceVersionDate "2010.11.26"]
[SourceQuality "1"]

1. e4 e5 2. Nf3 Nc6 3. d4 exd4 4. Bc4 Nf6 5. e5 d5 6. Bb5 Bb4+ 7. c3 dxc3 8. bxc3 0-0 9. cxb4 Nxb4 10. a3 c6 11. axb4 cxb5 12. exf6 Re8+ 13. Be3 Qxf6 14. Qd4 Qd6 15. Nbd2 Bf5 16. 0-0 h6 17. Rac1 a5 18. Rc5 Be6 19. bxa5 Rxa5 20. Nc4 bxc4 21. Rxa5 Rc8 22. Rc5 Re8 23. Rxc4 g5 24. Rb4 Bf5 25. Rb6 1-0